Rocío en el trébol
Furkejuvvon:
| Váldodahkki: | |
|---|---|
| Materiálatiipa: | Girji |
| Giella: | espánnjágiella |
| Almmustuhtton: |
Santiago
Nascimento
1950
|
| Fáttát: | |
| Fáddágilkorat: |
Lasit fáddágilkoriid
Eai fáddágilkorat, Lasit vuosttaš fáddágilkora!
|
MARC
| LEADER | 00000cam a2200000 a 4500 | ||
|---|---|---|---|
| 001 | UCZ5999 | ||
| 003 | CL-VaPUC | ||
| 008 | 951130e19500000CL |||||||||||||||||spa|d | ||
| 082 | 0 | 4 | |a Ch861 |b CAS |2 21 |
| 100 | 0 | |a Castro, Oscar |e author |9 330530 | |
| 245 | 1 | 0 | |a Rocío en el trébol |
| 300 | |a 137 p | ||
| 942 | |c BK | ||
| 945 | |d 19951130 00:00:00 |a rleighto | ||
| 260 | |a Santiago |b Nascimento |c 1950 | ||
| 650 | 0 | |a Poesías chilenas |9 265280 | |
| 583 | |a last modification |c 20140814 11:55:35 |k Rodrigo Vera | ||
| 999 | |c 242267 |d 242265 | ||
| 952 | |0 0 |1 0 |4 0 |6 CH_861_000000000000000_CAS_1950 |7 0 |8 A |9 255087 |a BIBEDU |b BIBEDU |d 2019-11-19 |i 3157210 |o Ch861 CAS 1950 |p 3157210 |r 2019-11-19 |w 2019-11-19 |y BK |k LIT | ||
| 952 | |0 0 |1 0 |3 erb |4 0 |6 CH_861_000000000000000_CAS_1950 |7 0 |8 X |9 255088 |a FDOBUD |b FDOBUD |i 4998766 |o Ch861 CAS 1950 |p 4998766 |r 2019-11-19 |w 2019-11-19 |y BK_X |z Catalogado en:20140814 |k BUD | ||